00351nam a2200157Ia 45000010006000000050017000060080041000230410008000640820016000721000025000882450027001132600009001403000028001496500008001776540008001851362520260306164815.0260306t1996||||xx |||||||||||||| ||spa|| aESP a005.1bL595 aLynch, Nancy A.eAUT 0aDistributed algorithms c1996 a872 páginas :c24 cm. aGEN aCCC